MARC

LEADER 00000nam0a2200000 4500
001 297033
005 20231102000952.0
035 |a (RuTPU)RU\TPU\book\322153 
090 |a 297033 
100 |a 20150604d1984 km y0rusy50 ca 
101 0 |a rus 
102 |a KZ 
105 |a a z 001zy 
200 1 |a Глубинная структура земной коры Казахстана (по сейсмическим данным)  |f А. Н. Антоненко  |g Академия наук Казахской ССР (АН КазССР), Институт геологических наук им. К. И. Сатпаева (ИГН) 
210 |a Алма-Ата  |c Наука  |d 1984 
215 |a 276 с.  |c ил.  |e 1л. карты 
320 |a Библиогр.: с. 185-195 
606 1 |a Земная кора  |x Структура  |2 stltpush  |3 (RuTPU)RU\TPU\subj\11792  |9 38690 
610 1 |a Казахстан 
610 1 |a верхняя мантия 
610 1 |a сейсмические исследования 
610 1 |a глубинная структура 
610 1 |a региональные особенности 
675 |a 551.241  |v 4 
700 1 |a Антоненко  |b А. Н.  |g Альфред Николаевич 
712 0 2 |a Академия наук Казахской ССР (АН КазССР)  |b Институт геологических наук им. К. И. Сатпаева (ИГН)  |c (Алма-Ата)  |2 stltpush  |3 (RuTPU)RU\TPU\col\5163 
801 1 |a RU  |b 63413507  |c 20150604 
801 2 |a RU  |b 63413507  |c 20181018  |g RCR 
942 |c BK